ბათუმის შოთა რუსთაველის სახელმწიფო უნივერსიტეტის ბიბლიოთეკა

მშობლიური ლიტერატურა : მე-5 კლ. : (ბიბ.ჩანაწერი № 54765)

000 -ლიდერი
ფიქსირებული სიგრძის საკონტროლო ველი 01301nam a2200265Ia 4500
001 - საკონტროლო ნომერი
საკონტროლო ველი 21832
003 - საკონტროლო ნომრის იდენტიფიკატორი
საკონტროლო ველი GE_BSU
005 - ბოლო ოპერაციის თარიღი და დრო
საკონტროლო ველი 20220531144745.0
008 - ფიქსირებული სიგრძის მონაცემთა ელემენტები - ზოგადი ინფორმაცია
ფიქსირებული სიგრძის საკონტროლო ველი 181216s ||||ge |||||||||||||| ||geo||
020 ## - წიგნის საერთაშორისო სტანდარტული ნომერი
International Standard Book Number 99940-22-07-5
040 ## - კატალოგიზაციის წყარო
Transcribing agency GE_BSU
041 ## - ენის კოდი
Language code of text/sound track or separate title geo
080 ## - უნივერსალური ათობითი კლასიფიკაციის ინდექსი
Universal Decimal Classification number 821.353.1(072) გ-93
100 ## - მთავარი ჩანაწერი - პიროვნების სახელი
Personal name გულდამაშვილი, ეთერ
9 (RLIN) 13913
245 ## - ცნობა სათაურის შესახებ
Title მშობლიური ლიტერატურა : მე-5 კლ. :
Remainder of title სახელმძღვანელო /
Statement of responsibility, etc ეთერ გულდამაშვილი, ნონა ლეიაშვილი, მიმოზა სოსელია ; მხატვ. ჯემალ ხუციშვილი.
264 ## - წარმოების, გამოცემის, დისტრიბუციის და სხვა ცნობები
გამოცემის, წარმოების, დისტრიბუციის... ადგილი თბილისი :
გამოცემის, წარმოების, დისტრიბუციის... სახელწოდება ინტელექტი,
გამოცემის, წარმოების, დისტრიბუციის... თარიღი 2004.
300 ## - ფიზიკური აღწერა
Extent 184 გვ. :
Other physical details ნახატ. ;
Dimensions 29 სმ.
653 ## - INDEX TERM--UNCONTROLLED
Uncontrolled term მშობლიური ლიტერატურა
653 ## - INDEX TERM--UNCONTROLLED
Uncontrolled term ქართული ლიტერატურა
700 ## - ADDED ENTRY--PERSONAL NAME
Personal name ლეიაშვილი, ნონა
Relator term ავტორი
9 (RLIN) 13789
700 ## - ADDED ENTRY--PERSONAL NAME
Personal name სოსელია, მიმოზა
Relator term ავტორი
9 (RLIN) 13790
700 ## - ADDED ENTRY--PERSONAL NAME
Personal name ხუციშვილი, ჯემალ
Relator term რედაქტორი
9 (RLIN) 13914
942 ## - ADDED ENTRY ELEMENTS (KOHA)
Koha item type წიგნი
Source of classification or shelving scheme
ეგზემპლარები
ჩამოწერის სტატუსი დაკარგული ეგზემპლარის სტატუსი კლასიფიკაციის წყარო ან თაროზე გაწყობის სქემა დაზიანების სტატუსი არ გაიცემა მუდმივი მდებარეობა (დაცვის ადგილი) ამჟამინდელი ადგილსამყოფელი თაროზე განთავსების ადგილი შეძენის თარიღი ღირებულება, შესყიდვის ნორმალური ფასი სრული შენახვის შიფრი შტრიხკოდი ბოლო ოპერაციის თარიღი ეგზემპლარის მიმდევრობითი ნომერი (კეტერი?) ფასის ძალაში შესვლის თარიღი ეგზემპლარის სახეობა საჯარო შენიშვნა
          ბათუმის შოთა რუსთაველის სახელმწიფო უნივერსიტეტის მთავარი ბიბლიოთეკა ბათუმის შოთა რუსთაველის სახელმწიფო უნივერსიტეტის მთავარი ბიბლიოთეკა წიგნსაცავი 2018-12-17 8.00 821.353.1(072) გ-93 56335 2018-12-17 56335 2018-12-17 წიგნი 8.00₾.